| 000 | 00000nam##2200000za#4500 |
| 001 | 9.642282 |
| 003 | CaOODSP |
| 005 | 20221104105554 |
| 007 | cr ||||||||||| |
| 008 | 150407|2001||||xxc|||||o f|0| 0 fre|d |
| 040 | |aCaOODSP|bfre |
| 043 | |an-cn--- |
| 086 | 1 |aR62-336/2001F-PDF |
| 110 | 2 |aParcs Canada. |
| 245 | 10|aPremière priorité : |h[ressource électronique]|brapport d'étape sur la mise en oeuvre des recommandations de la Commission sur l'intégrité écologique des parcs nationaux de Canada |
| 246 | 10|aRapport d'étape sur la mise en oeuvre des recommandations de la Commission sur l'intégrité écologique des parcs nationaux de Canada |
| 260 | |aOttawa - Ontario : |bParcs Canada |cc2001. |
| 300 | |a79p.|bcarte, tableaux |
| 500 | |aLe n° de catalogue (R62-336/2001F) et l'ISBN (0-662-85445-4) de l'édition imprimée ont été incorrectement copiés dans l'édition électronique. |
| 590 | |a13-18-Supp|b2013-08-01 |
| 691 | 07|aParc national|2gcpds |
| 691 | 07|aPolitique environnementale|2gcpds |
| 691 | 07|aÉcologie|2gcpds |
| 691 | 07|aÉcosystème|2gcpds |
| 775 | 08|tFirst priority : |w(CaOODSP)9.698270 |
| 776 | 0#|tPremière priorité: rapport d'étape sur la mise en oeuvre des recommandations de la Commission sur l'intégrité écologique des parcs nationaux de Canada |w(CaOODSP)9.681380 |
| 856 | 40|ahttp://publications.gc.ca|qPDF|s1.06 Mo|uhttps://publications.gc.ca/collections/Collection/R62-336-2001F.pdf |